Microsoft Access inside & out /
Salvato in:
| Autore principale: | |
|---|---|
| Natura: | Libro |
| Lingua: | inglese |
| Pubblicazione: |
Osborne :
McGraw-Hill,
1992
|
| Edizione: | 1.vyd. |
| Soggetti: | |
| Tags: |
Nessun Tag, puoi essere il primo ad aggiungerne!!
|
MARC
| LEADER | 00000nam a22000003a 4500 | ||
|---|---|---|---|
| 001 | stu8169 | ||
| 005 | 20150617225806.1 | ||
| 008 | 951025s1992----xxu-----------------eng-d | ||
| 020 | |a 0-07-881818-4 | ||
| 040 | |a STU |b slo | ||
| 041 | 0 | |a eng | |
| 044 | |a xxu | ||
| 080 | |a 681.32.06 MS ACCESS | ||
| 080 | |a 519.68 | ||
| 084 | |a C6160 |2 INS |7 stu_us_auth*stu16331 | ||
| 084 | |a C6130 |2 INS | ||
| 084 | |a C7104 |2 INS | ||
| 100 | 1 | |a Campbell, Mary |4 aut | |
| 245 | 1 | |a Microsoft Access inside & out / |c [aut.] Campbell,Mary | |
| 250 | |a 1.vyd. | ||
| 260 | |a Osborne : |b McGraw-Hill, |c 1992 | ||
| 300 | |a 707 s | ||
| 650 | 7 | |a dátabázové systémy |2 stusub | |
| 650 | 7 | |a programové systémy |2 stusub | |
| 650 | 7 | |a počítačové programy |2 stusub | |
| 996 | |c I*10DS4952 |l I |s A |a 24 |w stu8169_0001 | ||
| 996 | |b E80191 |c E*80191 |l EE05 |s P |a 0 |w stu8169_0002 | ||